[Event "Vercelli op"]
[Site "Vercelli"]
[Date "2014.06.14"]
[Round "3"]
[White "Ljubisavljevic, Zivojin Z"]
[Black "Favoni, Matteo"]
[Result "0-1"]
[WhiteElo "2138"]
[BlackElo "2004"]
[PlyCount "72"]
[EventDate "2014.06.13"]
[EventType "swiss"]
[EventRounds "5"]
[EventCountry "ITA"]
[SourceTitle "EXT 2024"]
[Source "ChessBase"]
[SourceDate "2023.10.10"]
[SourceVersion "1"]
[SourceVersionDate "2023.10.10"]
[SourceQuality "1"]

1. e4 c5 2. f4 d5 3. e5 Nc6 4. Bb5 Qb6 5. Bxc6+ Qxc6 6. Nf3 Bf5 7. d3 e6 8. 0-0 Be7 9. Nc3 h5 10. Ne2 h4 11. h3 Bg6 12. Be3 Nh6 13. Bf2 Nf5 14. c3 Bh5 15. d4 c4 16. b3 Rg8 17. Kh2 0-0-0 18. Qd2 Bxf3 19. gxf3 g5 20. fxg5 Rxg5 21. Rg1 Rdg8 22. Rg4 Qb5 23. b4 Qa4 24. Rag1 R5g6 25. Nf4 Bg5 26. Rxg5 Rxg5 27. Rxg5 Rxg5 28. Nxd5 Rg3 29. Ne3 Nxe3 30. Qxe3 Qxa2 31. d5 b6 32. d6 Kd7 33. b5 Qc2 34. Kh1 Qd1+ 35. Kh2 Rxf3 36. Qd4 Qf1 0-1

[Event "Robecchetto op-A 19th"]
[Site "Robecchetto"]
[Date "2008.12.27"]
[Round "1"]
[White "Martinez, Rolly"]
[Black "Favoni, Matteo"]
[Result "1-0"]
[WhiteElo "2424"]
[BlackElo "1986"]
[PlyCount "137"]
[EventDate "2008.12.27"]
[EventType "swiss"]
[EventRounds "6"]
[EventCountry "ITA"]
[SourceTitle "EXT 2011"]
[Source "ChessBase"]
[SourceDate "2010.11.26"]
[SourceVersion "1"]
[SourceVersionDate "2010.11.26"]
[SourceQuality "1"]

1. e4 c5 2. Nf3 d6 3. d4 cxd4 4. Qxd4 a6 5. c4 Nc6 6. Qd2 Nf6 7. Nc3 g6 8. b3 Bg7 9. Bb2 0-0 10. Be2 e6 11. Rd1 Qa5 12. 0-0 Rd8 13. a3 d5 14. b4 Qc7 15. exd5 exd5 16. cxd5 Rd6 17. Ba1 Ne7 18. Qa2 b5 19. Bxb5 axb5 20. Nxb5 Qb6 21. Nxd6 Qxd6 22. Be5 Qxb4 23. d6 Nc6 24. d7 Bxd7 25. Bxf6 Rxa3 26. Qd5 Be6 27. Qxc6 Bxf6 28. Rfe1 Qg4 29. h3 Qc4 30. Qd6 Ra6 31. Qb8+ Kg7 32. Ne5 Qf4 33. Qb5 Ra2 34. Nd3 Qd4 35. Qc5 Bc4 36. Qxd4 Bxd4 37. Re4 Bxd3 38. Rxd4 Bf5 39. R4d2 Ra4 40. g4 Be6 41. Kh2 Kf6 42. Kg3 h5 43. gxh5 g5 44. Rd4 Ra3+ 45. R1d3 Ra1 46. Rd1 Ra3+ 47. f3 Kg7 48. R1d3 Rxd3 49. Rxd3 Kh6 50. h4 Kxh5 51. hxg5 Kxg5 52. Ra3 f5 53. f4+ Kh5 54. Ra7 Bd5 55. Rg7 Be4 56. Rg5+ Kh6 57. Kf2 Bc2 58. Ke3 Be4 59. Kd4 Bc2 60. Ke5 Bd3 61. Rxf5 Kg6 62. Rf6+ Kg7 63. f5 Bc4 64. Rc6 Bb3 65. Rc7+ Kf8 66. Kf6 Ke8 67. Rb7 Bd5 68. Rb8+ Kd7 69. Kg7 1-0

[Event "Bratto op-B 28th"]
[Site "Bratto"]
[Date "2008.08.24"]
[Round "2"]
[White "Carbone, Lorenzo"]
[Black "Favoni, Matteo"]
[Result "0-1"]
[WhiteElo "1767"]
[BlackElo "1941"]
[PlyCount "118"]
[EventDate "2008.08.23"]
[EventType "swiss"]
[EventRounds "9"]
[EventCountry "ITA"]
[SourceTitle "EXT 2011"]
[Source "ChessBase"]
[SourceDate "2010.11.26"]
[SourceVersion "1"]
[SourceVersionDate "2010.11.26"]
[SourceQuality "1"]

1. e4 c5 2. Nf3 d6 3. d4 cxd4 4. Nxd4 Nf6 5. Nc3 a6 6. Be2 e5 7. Nb3 Be7 8. 0-0 0-0 9. Be3 Be6 10. h3 Nbd7 11. Qe1 Rc8 12. f4 exf4 13. Bxf4 Qb6+ 14. Kh1 Ne5 15. Rd1 Nc4 16. Bc1 Rfe8 17. Qg3 Kh8 18. Qf2 Qxf2 19. Rxf2 Ne5 20. Nd4 Rxc3 21. Rxf6 Bxf6 22. bxc3 Bxa2 23. Nf5 Bc4 24. Bd3 Rd8 25. Ba3 Nxd3 26. cxd3 Bb3 27. Rb1 Bc2 28. Rxb7 Bxd3 29. Nxd6 Kg8 30. Bc5 a5 31. Nxf7 Re8 32. e5 Bxe5 33. Nxe5 Rxe5 34. Bd4 Rg5 35. Rb8+ Kf7 36. Rb7+ Ke6 37. Rxg7 Rxg7 38. Bxg7 Kd5 39. Kg1 Kc4 40. Kf2 a4 41. Bf8 Kb3 42. Ke3 Bc4 43. Kd4 Bf1 44. g3 a3 45. Bxa3 Kxa3 46. h4 h5 47. Ke3 Kb3 48. Kf3 Bh3 49. Kf2 Kxc3 50. Kg1 Kd3 51. Kf2 Bg4 52. Kg2 Ke3 53. Kg1 Kf3 54. Kh2 Bf5 55. Kg1 Kxg3 56. Kh1 Kxh4 57. Kh2 Kg4 58. Kg2 h4 59. Kh2 h3 0-1

[Event "Asti Alfieri Memorial 3rd"]
[Site "Asti"]
[Date "2008.03.30"]
[Round "6"]
[White "Sorcinelli, Francesco"]
[Black "Favoni, Matteo"]
[Result "1-0"]
[WhiteElo "2119"]
[BlackElo "1900"]
[PlyCount "21"]
[EventDate "2008.03.27"]
[EventType "swiss"]
[EventRounds "6"]
[EventCountry "ITA"]
[SourceTitle "EXT 2011"]
[Source "ChessBase"]
[SourceDate "2010.11.26"]
[SourceVersion "1"]
[SourceVersionDate "2010.11.26"]
[SourceQuality "1"]

1. e4 c5 2. Nc3 d6 3. f4 Nc6 4. Nf3 g6 5. Bc4 Bg7 6. 0-0 e6 7. f5 exf5 8. d3 Nge7 9. Qe1 0-0 10. Qh4 Ne5 11. Bg5 1-0

[Event "Asti Alfieri Memorial 3rd"]
[Site "Asti"]
[Date "2008.03.28"]
[Round "2"]
[White "Bertazzoni, Giuseppe"]
[Black "Favoni, Matteo"]
[Result "0-1"]
[WhiteElo "1933"]
[BlackElo "1900"]
[PlyCount "88"]
[EventDate "2008.03.27"]
[EventType "swiss"]
[EventRounds "6"]
[EventCountry "ITA"]
[SourceTitle "EXT 2011"]
[Source "ChessBase"]
[SourceDate "2010.11.26"]
[SourceVersion "1"]
[SourceVersionDate "2010.11.26"]
[SourceQuality "1"]

1. Nf3 Nf6 2. g3 g6 3. Bg2 Bg7 4. d3 d5 5. h3 0-0 6. 0-0 c6 7. c3 Nbd7 8. Qc2 Qc7 9. Re1 e5 10. e4 Rd8 11. Nbd2 dxe4 12. Nxe4 Nxe4 13. dxe4 Nc5 14. Be3 Qe7 15. Red1 Be6 16. b3 h6 17. g4 b5 18. g5 h5 19. Bf1 Bd7 20. Bxc5 Qxc5 21. c4 Be6 22. Rdc1 Rac8 23. Qc3 b4 24. Qc2 Rd7 25. Rd1 Rcd8 26. Rxd7 Rxd7 27. Rd1 Qe7 28. Rxd7 Qxd7 29. Qd2 Bxh3 30. Bxh3 Qxh3 31. Nh2 Qc3 32. Qd8+ Kh7 33. Qd7 Qe1+ 34. Kg2 Qxe4+ 35. Kg1 Qf4 36. Qe7 e4 37. c5 Be5 38. Nf1 Bd4 39. Ne3 Bxe3 40. fxe3 Qxe3+ 41. Kf1 Qf3+ 42. Kg1 e3 43. Kh2 Qf2+ 44. Kh3 e2 0-1

[Event "Asti Alfieri Memorial 3rd"]
[Site "Asti"]
[Date "2008.03.27"]
[Round "1"]
[White "Favoni, Matteo"]
[Black "Mangione, Claudio"]
[Result "1/2-1/2"]
[WhiteElo "1900"]
[BlackElo "2051"]
[PlyCount "84"]
[EventDate "2008.03.27"]
[EventType "swiss"]
[EventRounds "6"]
[EventCountry "ITA"]
[SourceTitle "EXT 2011"]
[Source "ChessBase"]
[SourceDate "2010.11.26"]
[SourceVersion "1"]
[SourceVersionDate "2010.11.26"]
[SourceQuality "1"]

1. d4 Nf6 2. c4 e6 3. Nf3 b6 4. a3 Ba6 5. Qc2 Bb7 6. Nc3 c5 7. e4 cxd4 8. Nxd4 d6 9. Be2 Nbd7 10. 0-0 Be7 11. Rd1 a6 12. Bg5 0-0 13. Rac1 Rc8 14. Nf3 Qc7 15. b4 Qb8 16. Qb1 Qa8 17. Bd3 Rfe8 18. h3 Rc7 19. Be3 Rec8 20. Na4 b5 21. cxb5 axb5 22. Rxc7 Rxc7 23. Nb6 Nxb6 24. Bxb6 Rc3 25. Nd4 Rxa3 26. Nxb5 Rxd3 27. Qxd3 Bxe4 28. Qa3 Qc6 29. Qa7 Bf8 30. Nd4 Qc4 31. Qb8 Qxb4 32. Rc1 Nd7 33. Qe8 Nxb6 34. Rc7 Qe1+ 35. Kh2 Qxf2 36. Nf3 Bg6 37. Rb7 d5 38. Rb8 Qc5 39. Ne5 Qd6 40. Kh1 h5 41. Rd8 Qb4 42. Nc6 Qc5 1/2-1/2

[Event "Ivrea op 14th"]
[Site "Ivrea"]
[Date "2008.03.15"]
[Round "3"]
[White "Favoni, Matteo"]
[Black "Ranieri, Fabrizio"]
[Result "0-1"]
[WhiteElo "1900"]
[BlackElo "2238"]
[PlyCount "54"]
[EventDate "2008.03.14"]
[EventType "swiss"]
[EventRounds "5"]
[EventCountry "ITA"]
[SourceTitle "EXT 2011"]
[Source "ChessBase"]
[SourceDate "2010.11.26"]
[SourceVersion "1"]
[SourceVersionDate "2010.11.26"]
[SourceQuality "1"]

1. d4 e6 2. c4 d5 3. Nc3 Nf6 4. Nf3 Be7 5. Bg5 0-0 6. e3 Nbd7 7. Rc1 c6 8. Bd3 a6 9. 0-0 dxc4 10. Bxc4 b5 11. Bd3 c5 12. Re1 Bb7 13. a3 Rc8 14. Qe2 Re8 15. Red1 cxd4 16. exd4 h6 17. Bh4 Nb6 18. Ne5 Nbd5 19. Bxf6 Nxf6 20. Bb1 Nd5 21. Qd3 f5 22. Ba2 Bg5 23. Rc2 Qd6 24. g3 Bf6 25. Re2 Nxc3 26. bxc3 Qxa3 27. Qxf5 Qxa2 0-1